Osnovnyje fondy social´nogo naznačenija černoj metallurgii.

Saved in:
Bibliographic Details
Main Author: Zin´kovskij, Michail Michajlovič
Format: Book
Language:Russian
Published: Moskva : Metallurgija, 1983.
Physical Description: 87 strán.
Tags: Add Tag
No Tags, Be the first to tag this record!

MARC

LEADER 00000nam a22000002i 4500
001 000646708
005 20201009185417.0
008 201009s1983 ru e 000 0 rus d
020 |c Kčs 4,50  |q (brožované) 
040 |a SVKKK  |b slo  |c SVKKK  |e rda 
100 1 |a Zin´kovskij, Michail Michajlovič 
245 1 0 |a Osnovnyje fondy social´nogo naznačenija černoj metallurgii. 
264 1 |a Moskva :  |b Metallurgija,  |c 1983. 
300 |a 87 strán. 
336 |a text  |b txt  |2 rdacontent 
337 |a bez média  |b n  |2 rdamedia 
338 |a zväzok  |b nc  |2 rdacarrier 
500 |a Záznam revízie 
910 |a svkkk 
998 |a BK 
090 |g SCKHL  |k Sklad Pribinova 2. posch.  |a III.124376  |j 685388  |i 2720749981  |4 Zastaraná  |s Vyradená